<?xml version="1.0" encoding="UTF-8"?><?xml-stylesheet type="text/xsl" href="static/style.xsl"?><OAI-PMH xmlns="http://www.openarchives.org/OAI/2.0/" xmlns:xsi="http://www.w3.org/2001/XMLSchema-instance" xsi:schemaLocation="http://www.openarchives.org/OAI/2.0/ http://www.openarchives.org/OAI/2.0/OAI-PMH.xsd"><responseDate>2026-04-17T05:49:05Z</responseDate><request verb="GetRecord" identifier="oai:www.recercat.cat:2445/226539" metadataPrefix="marc">https://recercat.cat/oai/request</request><GetRecord><record><header><identifier>oai:recercat.cat:2445/226539</identifier><datestamp>2026-04-07T19:16:10Z</datestamp><setSpec>com_2072_1057</setSpec><setSpec>col_2072_478810</setSpec><setSpec>col_2072_478917</setSpec></header><metadata><record xmlns="http://www.loc.gov/MARC21/slim" xmlns:dcterms="http://purl.org/dc/terms/" xmlns:xsi="http://www.w3.org/2001/XMLSchema-instance" xmlns:doc="http://www.lyncode.com/xoai" xsi:schemaLocation="http://www.loc.gov/MARC21/slim http://www.loc.gov/standards/marcxml/schema/MARC21slim.xsd">
   <leader>00925njm 22002777a 4500</leader>
   <datafield ind2=" " ind1=" " tag="042">
      <subfield code="a">dc</subfield>
   </datafield>
   <datafield ind2=" " ind1=" " tag="720">
      <subfield code="a">Breda, Adriana</subfield>
      <subfield code="e">author</subfield>
   </datafield>
   <datafield ind2=" " ind1=" " tag="720">
      <subfield code="a">Calle, Eulalia</subfield>
      <subfield code="e">author</subfield>
   </datafield>
   <datafield ind2=" " ind1=" " tag="720">
      <subfield code="a">da Silva, José Fernandes</subfield>
      <subfield code="e">author</subfield>
   </datafield>
   <datafield ind2=" " ind1=" " tag="260">
      <subfield code="c">2026-02-02T13:21:45Z</subfield>
   </datafield>
   <datafield ind2=" " ind1=" " tag="260">
      <subfield code="c">2026-02-02T13:21:45Z</subfield>
   </datafield>
   <datafield ind2=" " ind1=" " tag="260">
      <subfield code="c">2025</subfield>
   </datafield>
   <datafield ind2=" " ind1=" " tag="260">
      <subfield code="c">2026-02-02T13:21:45Z</subfield>
   </datafield>
   <datafield ind2=" " ind1=" " tag="520">
      <subfield code="a">El artículo presenta los resultados del análisis de la dimensión didáctica del conocimiento didáctico-matemático de profesores de matemáticas en formación en Ecuador a partir de su reflexión sobre tareas basadas en prácticas etnomatemáticas locales. El estudio se enmarca teóricamente en el Programa de la Etnomatemática y teorico-metodologicamente en el Enfoque Ontosemiótico (EOS), específicamente en el modelo de Conocimiento Didáctico-Matemático (CDM) y los Criterios de Idoneidad Didáctica (CID). La investigación se desarrolló con 48 estudiantes de una universidad pública ecuatoriana que cursaban la asignatura de Etnomatemática. Como parte de la asignatura, los futuros docentes investigaron prácticas culturales locales —principalmente artesanales y actividades lúdicas— e informaron cómo podrían integrarlas en la enseñanza escolar. El análisis cualitativo de los informes finales permitió identificar, en primer lugar, que las prácticas etnomatemáticas seleccionadas se centraron mayoritariamente en actividades profesionales artesanales, como la alfarería, carpintería o elaboración de sombreros, y en menor medida en juegos tradicionales. En segundo lugar, los resultados evidencian debilidades en el conocimiento didáctico de los participantes. Aunque los futuros profesores reconocen las matemáticas como un producto sociocultural y valoran los procesos matemáticos presentes en las prácticas investigadas, muestran limitaciones al considerar aspectos clave de la enseñanza, como la gestión del aula, la evaluación, la interacción, la adaptación curricular y el uso de recursos. Las reflexiones se concentraron principalmente en la idoneidad epistémica y ecológica, mientras que las dimensiones cognitiva, interaccional, mediacional y afectiva fueron escasamente abordadas. El estudio concluye que, pese a la inclusión curricular de la Etnomatemática en la formación docente ecuatoriana, es necesario fortalecer la preparación teórico-metodológica de los futuros profesores. En particular, se destaca la importancia de integrar de manera más sistemática el desarrollo del conocimiento didáctico-matemático para lograr una enseñanza contextualizada, reflexiva e intercultural de las matemáticas.</subfield>
   </datafield>
   <datafield tag="653" ind2=" " ind1=" ">
      <subfield code="a">Formació del professorat</subfield>
   </datafield>
   <datafield tag="653" ind2=" " ind1=" ">
      <subfield code="a">Pràctiques pedagògiques</subfield>
   </datafield>
   <datafield tag="653" ind2=" " ind1=" ">
      <subfield code="a">Ensenyament de la matemàtica</subfield>
   </datafield>
   <datafield tag="653" ind2=" " ind1=" ">
      <subfield code="a">Equador</subfield>
   </datafield>
   <datafield tag="653" ind2=" " ind1=" ">
      <subfield code="a">Teacher training</subfield>
   </datafield>
   <datafield tag="653" ind2=" " ind1=" ">
      <subfield code="a">Student teaching</subfield>
   </datafield>
   <datafield tag="653" ind2=" " ind1=" ">
      <subfield code="a">Mathematics education</subfield>
   </datafield>
   <datafield tag="653" ind2=" " ind1=" ">
      <subfield code="a">Ecuador</subfield>
   </datafield>
   <datafield ind2="0" ind1="0" tag="245">
      <subfield code="a">Tareas basadas en prácticas etnomatemáticas: dimensión didáctica del conocimiento didáctico-matemático de profesores en formación</subfield>
   </datafield>
   <datafield ind2="0" ind1="0" tag="245">
      <subfield code="a">Tarefas baseadas em práticas etnomatemáticas: dimensão didática do conhecimento didático-matemático de professores em Formação</subfield>
   </datafield>
   <datafield ind2="0" ind1="0" tag="245">
      <subfield code="a">Tasks based on ethnomathematical practices: didactic dimension of the didactic-mathematical knowledge of pre-service teachers</subfield>
   </datafield>
</record></metadata></record></GetRecord></OAI-PMH>